=LDR 00000nam 2200000 4500 =001 INLIS000000000027795 =005 20130612130136 =008 ***********************************Ind** =035 ##$$0010-061300000027795 =041 ##$$a Ind =082 ##$$a 615.8 =090 ##$$a 615.8, Ari p =100 ##$$a Arif, B =245 ##$$a Penyembuhan praktis pijat (kyank rak), B. Arif =260 ##$$a Usaha Jaya $b Surabaya =300 ##$$a 48 hlm, ilus, 20 cm =650 ##$$a Pijat-Pengobatan alternatif =850 ##$$a NBPNMAT